000 00548nam a22001817a 4500
005 20251108165817.0
008 250721s1991 xx 000 0 ara d
082 1 4 _aط/214.2/سمي
100 1 _aالزين، سميح عاطف
245 1 0 _aقصص الأنبياء للأبناء /
264 1 _aبيروت :
_bدار الكتاب اللبناني،
_c1991.
300 _a12ج
650 1 7 _aأصول الدين الإسلامي
650 1 7 _aالنبوات
700 1 _aيوسف، عبد التواب
942 _2ddc
_cBK
999 _c31892
_d31892